Ministerpräsidenten Sachsens seit 1918 - mit Bild - Statistiken

Allgemein
  • Dieses Quiz wurde 20 mal gespielt
  • Das Durchschnittsergebnis liegt bei 3 aus 17
Antwortstatistiken
Bildquiz Hint Antwort % Korrekt
seit 2017
CDU
Michael Kretschmer
94%
2008-2017
CDU
Stanislaw Tillich
78%
1990-2002
CDU
Kurt Biedenkopf
67%
2002-2008
CDU
Georg Milbradt
22%
1923-1924
SPD
Alfred Fellisch
11%
1919-1920
SPD
zunächst Vorsitzender des Rats der Volksbeauftragten
Georg Gradnauer
11%
1918-1919
USPD
Vorsitzender des Rats der Volksbeauftragten
Richard Lipinski
11%
1929-1930
DVP
Wilhelm Bünger
11%
1923
DVP
Reichskommissar
Rudolf Heinze
6%
1923
SPD
Erich Zeigner
0%
1933-1935
NSDAP
Manfred von Killinger
0%
1935-1945
NSDAP
Martin Mutschmann
0%
1924-1929
SPD, ASPS
Max Heldt
0%
1947-1952
SED
Max Seydewitz
0%
1945-1947
SPD, SED
Ernannt durch die UdSSR
Todesursache unklar mglw. Staatsmord
Rudolf Friedrichs
0%
1930-1933
DVP
Walther Schieck
0%
1920-1923
SPD
Wilhelm Buck
0%
Keine übereinstimmenden Quizze gefunden
Verteilung der Resultate
Anzahl Personen mit jedem Resultat
Perzentil nach korrekt beantworteten Fragen
Ihre Resultats-Entwicklung
Sie haben dieses Quiz noch nicht gespielt